| 000 | 00426nam a2200181Ia 4500 | ||
|---|---|---|---|
| 005 | 20250603145426.0 | ||
| 008 | 250603s9999 xx 000 0 und d | ||
| 020 | _a978-978-023-074-2 | ||
| 050 | _aKP 127 .I4/ | ||
| 100 | _aIgweike, Kingsley ikem. | ||
| 245 | 0 | _aNigeria commercial law[SALES OF GOODS] | |
| 260 | _aLagos | ||
| 260 | _bMalthouse | ||
| 260 | _c2015 | ||
| 300 | _a234 p | ||
| 650 | _aLagos | ||
| 942 | _cBK | ||
| 999 |
_c41822 _d41822 |
||